| 000 | 00724nam a22002177a 4500 | ||
|---|---|---|---|
| 999 |
_c10411 _d10411 |
||
| 003 | AR-CdUCM | ||
| 008 | 190401b ||||| |||| 00| 0 spa d | ||
| 040 |
_aMUNICIPALIDAD PROVINCIAL DEL CUSCO _cBIBLIOTECA MUNICIPAL DEL CUSCO |
||
| 082 |
_a343 / _bSI55 / 1891 |
||
| 100 |
_aSilva Santisteban, José _920605 |
||
| 245 | _aCurso de Derecho Constitucional / | ||
| 260 |
_aParis : _bLibreria de CH. Bouret, _c1891. |
||
| 300 |
_a330 paginas ; _c21 cm. |
||
| 505 | _aContenido: Ciudadania -- soberania -- sufragio -- constitucion -- formas de gobierno... | ||
| 650 |
_aDerecho _9739 |
||
| 650 |
_aConstitucional _926777 |
||
| 650 |
_aConstitución _92117 |
||
| 650 |
_aLeyes _94808 |
||
| 942 |
_2ddc _cLIBROS |
||
| 945 | _apjha | ||